Сергей Германович Неручев, выдающийся российский геолог второй половины XX - начала XXI веков, естествоиспытатель, исследователь фундаментальных и прикладных проблем органической геохимии, геологии нефти и газа (Запись № 12259692)
[ простой вид ]
| 000 -МАРКЕР | |
|---|---|
| контрольное поле | 02708nam0a2200349 4500 |
| 001 - ИДЕНТИФИКАТОР ЗАПИСИ | |
| контрольное поле | RU\NLR\BIBL_A\011555803 |
| 005 - ИДЕНТИФИКАТОР ВЕРСИИ | |
| контрольное поле | 20260607043319.0 |
| 010 ## - МЕЖДУНАРОДНЫЙ СТАНДАРТНЫЙ НОМЕР КНИГИ (ISBN) | |
| Номер (ISBN) | 9785426200807 |
| Тираж | 100 |
| 021 ## - НОМЕР ГОСУДАРСТВЕННОЙ РЕГИСТРАЦИИ | |
| Код страны | Российская Федерация |
| Номер | 2017-88262 |
| Номер Листа государственной регистраци | 6306 |
| 035 ## - ДРУГИЕ СИСТЕМНЫЕ НОМЕРА | |
| Идентификатор записи | (RuMoRGB)009456166 |
| 035 ## - ДРУГИЕ СИСТЕМНЫЕ НОМЕРА | |
| Идентификатор записи | (NLR Aleph) 011555803 |
| 100 ## - ДАННЫЕ ОБЩЕЙ ОБРАБОТКИ | |
| Данные общей обработки | 20171211d2017 u y0rusy50 ca |
| 101 0# - ЯЗЫК РЕСУРСА | |
| Язык текста, звукозаписи и т.д. | русский |
| 102 ## - СТРАНА ПУБЛИКАЦИИ ИЛИ ПРОИЗВОДСТВА | |
| Страна публикации | Российская Федерация |
| 105 ## - ПОЛЕ КОДИРОВАННЫХ ДАННЫХ: ТЕКСТОВЫЕ МАТЕРИАЛЫ, МОНОГРАФИЧЕСКИЕ | |
| Кодированные данные о монографическом текстовом документе | c|||z|||000zb |
| 200 1# - ЗАГЛАВИЕ И СВЕДЕНИЯ ОБ ОТВЕТСТВЕННОСТИ | |
| Основное заглавие | Сергей Германович Неручев, выдающийся российский геолог второй половины XX - начала XXI веков, естествоиспытатель, исследователь фундаментальных и прикладных проблем органической геохимии, геологии нефти и газа |
| Первые сведения об ответственности | А.Э. Конторович |
| Последующие сведения об ответственности | [Рос. акад. наук, Сиб. отд-ние, Ин-т нефтегазовой геологии и геофизики им. А.А. Трофимука] |
| 210 ## - ПУБЛИКАЦИЯ, РАСПРОСТРАНЕНИЕ И ДР. | |
| Место издания, распространения и т.д. | Новосибирск |
| Имя издателя, распространителя и т. д. | Институт нефтегазовой геологии и геофизики им. А.А. Трофимука СО РАН |
| Дата издания, распространения и т.д. | 2017 |
| 215 ## - ФИЗИЧЕСКАЯ ХАРАКТЕРИСТИКА | |
| Специфическое обозначение материала и объем | 73, [1] с., [1] л. цв. портр. |
| Другие сведения о физической характеристике | цв., портр. |
| Размеры | 24 |
| 300 ## - ОБЩИЕ ПРИМЕЧАНИЯ | |
| Текст примечания | На обороте тит. л. в макете загл.: С.Г. Неручев - выдающийся российский геолог второй половины XX - начала XXI веков, естествоиспытатель, исследователь фундаментальных и прикладных проблем органической геохимии, геологии нефти и газа |
| 320 ## - ПРИМЕЧАНИЯ О НАЛИЧИИ В ДОКУМЕНТЕ БИБЛИОГРАФИИ / УКАЗАТЕЛЯ | |
| Текст примечания | Библиогр.: с. 67-73 (71 назв.) |
| 517 1# - ДРУГИЕ ВАРИАНТЫ ЗАГЛАВИЯ | |
| Вариант заглавия | С.Г. Неручев - выдающийся российский геолог второй половины XX - начала XXI веков, естествоиспытатель, исследователь фундаментальных и прикладных проблем органической геохимии, геологии нефти и газа |
| 600 #1 - ИМЯ ЛИЦА КАК ПРЕДМЕТ | |
| Начальный элемент ввода | Неручев |
| Часть имени, кроме начального элемента ввода | С.Г. |
| Даты | 1927 - 2012 |
| Расширение инициалов личного имени | Сергей Германович |
| Системный номер авторитетной/нормативной записи | 2230142 |
| Идентификатор авторитетной/нормативной записи | RU\NLR\AUTH\6601571154 |
| 686 ## - ИНДЕКСЫ ДРУГИХ КЛАССИФИКАЦИЙ | |
| Индекс | Д3д(2)Неручев С.Г.,0 |
| Код системы | |
| 686 1# - ИНДЕКСЫ ДРУГИХ КЛАССИФИКАЦИЙ | |
| Индекс | Д3д(2)Неручев |
| 686 1# - ИНДЕКСЫ ДРУГИХ КЛАССИФИКАЦИЙ | |
| Индекс | Д454.1д(2)Неручев |
| 700 #1 - ИМЯ ЛИЦА - ПЕРВИЧНАЯ ОТВЕТСТВЕННОСТЬ | |
| Материалы, к которым относится поле | rus |
| Графика поля | Кириллица |
| Начальный элемент ввода | Конторович |
| Часть имени, кроме начального элемента ввода | А. Э. |
| Даты | 1934- |
| Расширение инициалов личного имени | Алексей Эмильевич |
| Идентификатор авторитетной/нормативной записи | RU\NLR\AUTH\7722000 |
| Системный номер авторитетной/нормативной записи | 5061 |
| 702 #1 - ИМЯ ЛИЦА - ВТОРИЧНАЯ ОТВЕТСТВЕННОСТЬ | |
| Начальный элемент ввода | Неручев |
| Часть имени, кроме начального элемента ввода | С. Г. |
| Даты | 1927- |
| Расширение инициалов личного имени | Сергей Германович |
| Код отношения | Прочие |
| 942 ## - ДОПОЛНИТЕЛЬНЫЕ ЭЛЕМЕНТЫ ЗАПИСИ (АБИС) | |
| Тип экземпляра АБИС | Книга |
| 980 ## - КОЛЛЕКЦИЯ | |
| Название коллекции | НБР |
Нет доступных экземпляров.